000 00266nam a22001217a 4500
008 181015b xxu||||| |||| 00| 0 eng d
041 _aeng
080 _26th
_a510
100 _a37
101 _aMAT
245 _aFor All Practical Purposes
_cComap
942 _2udc
_cBK
999 _c49739
_d49739